[Event "NB II. Asztalos csoport"]
[Site "Decs"]
[Date "2023.10.29"]
[Round "2.9"]
[White "Koncsag, Sandor"]
[Black "B.Garai, Lehel"]
[Result "1/2-1/2"]
[WhiteElo "1665"]
[BlackElo "1884"]
[PlyCount "81"]
[EventDate "2023.10.08"]
[EventType "team-tourn"]
[EventRounds "9"]
[EventCountry "HUN"]
[Source "chess.hu"]
[WhiteTeam "Komloi BSK"]
[BlackTeam "Decs 1990"]
[WhiteTeamCountry "HUN"]
[BlackTeamCountry "HUN"]

1. d4 Nf6 2. e3 g6 3. Bd3 Bg7 4. f4 O-O 5. Nf3 d5 6. Nbd2 b6 7. O-O Bb7 8. Ne5
Nbd7 9. c3 c5 10. Qe2 Rc8 11. Ba6 Bxa6 12. Qxa6 Rc7 13. Qb5 Nxe5 14. fxe5 Qd7
15. Qxd7 Nxd7 16. Nf3 b5 17. Bd2 h6 18. a4 Rb8 19. Rfb1 bxa4 20. Rxa4 Rcb7 21.
Bc1 Nb6 22. Ra5 cxd4 23. exd4 e6 24. Rba1 Nc4 25. Rxa7 Rxa7 26. Rxa7 Nxb2 27.
Bxb2 Rxb2 28. Rc7 Rc2 29. Rc8+ Bf8 30. Ne1 Rc1 31. Kf2 Kg7 32. Nd3 Rc2+ 33. Kf3
Be7 34. Rc6 Rd2 35. Nc5 h5 36. h3 Rc2 37. Nd3 Rd2 38. Nc5 Rc2 39. Nd3 Rd2 40.
Nc5 Rc2 41. Nd3 1/2-1/2

[Event "NB II. Asztalos csoport"]
[Site "Decs"]
[Date "2023.10.29"]
[Round "2.10"]
[White "Kaszas, Kristof"]
[Black "Grunwald, Geza Dr"]
[Result "0-1"]
[WhiteElo "1808"]
[BlackElo "1680"]
[PlyCount "74"]
[EventDate "2023.10.08"]
[EventType "team-tourn"]
[EventRounds "9"]
[EventCountry "HUN"]
[Source "chess.hu"]
[WhiteTeam "Decs 1990"]
[BlackTeam "Komloi BSK"]
[WhiteTeamCountry "HUN"]
[BlackTeamCountry "HUN"]

1. d4 e6 2. c4 d5 3. Nc3 Nf6 4. Bg5 Be7 5. e3 O-O 6. Qc2 h6 7. Bh4 a6 8. f3
dxc4 9. a4 Nd5 10. Bf2 c6 11. Bxc4 Bd7 12. Nge2 Nb4 13. Qd1 Qc8 14. e4 Rd8 15.
O-O Be8 16. Qb3 Nd7 17. Nf4 b5 18. Be2 Rb8 19. Rfc1 bxa4 20. Qxa4 c5 21. Qa5
cxd4 22. Ncd5 Bc5 23. Ne7+ Bxe7 24. Rxc8 Rbxc8 25. Nd3 Nxd3 26. Bxd3 Nc5 27.
Rd1 Nxd3 28. Rxd3 Rc1+ 29. Be1 Bb5 30. Qd2 Rxe1+ 31. Qxe1 Bxd3 32. b4 Bb5 33.
Qd2 e5 34. g3 d3 35. Kf2 Bxb4 36. Qd1 d2 37. f4 Ba4 0-1

[Event "NB II. Asztalos csoport"]
[Site "Decs"]
[Date "2023.10.29"]
[Round "2.11"]
[White "Csiszar, Vivien"]
[Black "Szuhai, Balazs"]
[Result "1-0"]
[WhiteElo "1203"]
[BlackElo "1889"]
[PlyCount "53"]
[EventDate "2023.10.08"]
[EventType "team-tourn"]
[EventRounds "9"]
[EventCountry "HUN"]
[Source "chess.hu"]
[WhiteTeam "Komloi BSK"]
[BlackTeam "Decs 1990"]
[WhiteTeamCountry "HUN"]
[BlackTeamCountry "HUN"]

1. e4 c5 2. Nf3 Nc6 3. c3 e6 4. d4 cxd4 5. cxd4 d5 6. Nc3 a6 7. Be3 Bb4 8. e5
b5 9. Be2 Nge7 10. O-O Ng6 11. Rc1 Bd7 12. a3 Be7 13. Qd2 Na5 14. Qc2 Nc4 15.
Bxc4 bxc4 16. Ne2 Rb8 17. Nf4 Qb6 18. Rb1 O-O 19. Nh5 Rb7 20. Qd2 Rfb8 21. h3
Qb3 22. Bh6 Qd3 23. Qc1 c3 24. Bxg7 Qf5 25. Qh6 Rxb2 26. Nf6+ Bxf6 27. Bxf6 1-0

[Event "NB II. Asztalos csoport"]
[Site "Pecs"]
[Date "2023.10.29"]
[Round "2.1"]
[White "Horvath, Gabor"]
[Black "Kele, Karoly"]
[Result "1-0"]
[WhiteElo "2245"]
[BlackElo "2046"]
[PlyCount "45"]
[EventDate "2023.10.08"]
[EventType "team-tourn"]
[EventRounds "9"]
[EventCountry "HUN"]
[Source "chess.hu"]
[WhiteTeam "Szentlorinc"]
[BlackTeam "Karmin PSSE"]
[WhiteTeamCountry "HUN"]
[BlackTeamCountry "HUN"]

1. e4 c5 2. Nf3 e6 3. d4 cxd4 4. Nxd4 Nc6 5. Nc3 Qc7 6. Be3 a6 7. Qd2 Nf6 8.
O-O-O Bb4 9. f3 Ne5 10. Nb3 O-O 11. Qe1 b5 12. Nxb5 axb5 13. Qxb4 Rxa2 14. Kb1
Nc6 15. Qd6 Qxd6 16. Rxd6 Ra8 17. Bxb5 Ne8 18. Rxc6 dxc6 19. Bxc6 Nc7 20. Bxa8
Nxa8 21. Rd1 Ba6 22. Nc5 Bb5 23. b3 1-0

[Event "NB II. Asztalos csoport"]
[Site "Pecs"]
[Date "2023.10.29"]
[Round "2.2"]
[White "Toth, David dr"]
[Black "Bihercz, Gabor"]
[Result "0-1"]
[WhiteElo "1983"]
[BlackElo "2180"]
[PlyCount "54"]
[EventDate "2023.10.08"]
[EventType "team-tourn"]
[EventRounds "9"]
[EventCountry "HUN"]
[Source "chess.hu"]
[WhiteTeam "Karmin PSSE"]
[BlackTeam "Szentlorinc"]
[WhiteTeamCountry "HUN"]
[BlackTeamCountry "HUN"]

1. d4 Nf6 2. c4 g6 3. Nc3 Bg7 4. e4 d6 5. Nf3 O-O 6. Be2 e5 7. d5 Na6 8. Bg5 h6
9. Bh4 g5 10. Bg3 Nc5 11. Nd2 a5 12. f3 Nh5 13. Bf2 Nf4 14. O-O h5 15. a3 a4
16. b4 axb3 17. Nxb3 Nxb3 18. Qxb3 b6 19. a4 f5 20. a5 bxa5 21. c5 g4 22. cxd6
cxd6 23. Kh1 fxe4 24. fxe4 Qg5 25. g3 Nxe2 26. Nxe2 Ba6 27. Rae1 Qd2 0-1

[Event "NB II. Asztalos csoport"]
[Site "Pecs"]
[Date "2023.10.29"]
[Round "2.3"]
[White "Bene, Zoltan"]
[Black "Hrubos, Viktor"]
[Result "1-0"]
[WhiteElo "2135"]
[BlackElo "1923"]
[PlyCount "51"]
[EventDate "2023.10.08"]
[EventType "team-tourn"]
[EventRounds "9"]
[EventCountry "HUN"]
[Source "chess.hu"]
[WhiteTeam "Szentlorinc"]
[BlackTeam "Karmin PSSE"]
[WhiteTeamCountry "HUN"]
[BlackTeamCountry "HUN"]

1. Nf3 c5 2. e4 a6 3. Nc3 Nc6 4. d4 cxd4 5. Nxd4 d6 6. Be3 g6 7. Qd2 Nf6 8. f3
h5 9. O-O-O Qc7 10. Kb1 Bd7 11. Nb3 Ne5 12. Bg5 Be6 13. Bxf6 exf6 14. f4 Nc4
15. Qd4 Rc8 16. f5 Na3+ 17. bxa3 Bxb3 18. cxb3 Qxc3 19. Qxc3 Rxc3 20. fxg6 fxg6
21. Bc4 Re3 22. Bd5 b6 23. Rc1 Be7 24. Rc8+ Bd8 25. Rhc1 Kd7 26. Ra8 1-0

[Event "NB II. Asztalos csoport"]
[Site "Pecs"]
[Date "2023.10.29"]
[Round "2.4"]
[White "Albrecht, Akos"]
[Black "Drinoczi, Peter"]
[Result "1/2-1/2"]
[WhiteElo "1815"]
[BlackElo "2055"]
[PlyCount "172"]
[EventDate "2023.10.08"]
[EventType "team-tourn"]
[EventRounds "9"]
[EventCountry "HUN"]
[Source "chess.hu"]
[WhiteTeam "Karmin PSSE"]
[BlackTeam "Szentlorinc"]
[WhiteTeamCountry "HUN"]
[BlackTeamCountry "HUN"]

1. d4 Nf6 2. Bf4 d6 3. Nc3 g6 4. e4 Bg7 5. Qd2 O-O 6. O-O-O c6 7. Bh6 b5 8. f3
a5 9. h4 Nbd7 10. h5 e5 11. Bxg7 Kxg7 12. hxg6 fxg6 13. Qh6+ Kg8 14. a4 b4 15.
Nb1 Qe7 16. Bc4+ d5 17. exd5 cxd5 18. Bb3 exd4 19. Rxd4 Nb6 20. Nh3 Ra7 21. Nd2
Qe5 22. Qf4 Qe7 23. Qh4 Re8 24. Ne4 Nxe4 25. Qxe4 Bxh3 26. Qxe7 Raxe7 27. Rxh3
Re1+ 28. Rd1 Kg7 29. Rh4 R8e2 30. Rhd4 Rxd1+ 31. Rxd1 Rxg2 32. Bxd5 Nxa4 33.
Bb3 Nc5 34. Bc4 Rg5 35. Rd8 h5 36. Rg8+ Kf6 37. Rf8+ Ke7 38. Rf7+ Kd6 39. Kd2
Rg2+ 40. Be2 g5 41. Ke3 h4 42. Rh7 a4 43. f4 Rg3+ 44. Kf2 Ne4+ 45. Kf1 gxf4 46.
Rxh4 a3 47. bxa3 bxa3 48. Rh6+ Ke5 49. Ra6 f3 50. Bd3 Nd2+ 51. Kf2 Rg2+ 52. Ke3
f2 53. Ra5+ Ke6 54. Rxa3 f1=Q 55. Ra6+ Ke5 56. Ra5+ Kd6 57. Bxf1 Nxf1+ 58. Kd3
Rd2+ 59. Kc3 Rd1 60. Ra8 Kc7 61. Re8 Ng3 62. Re3 Nf5 63. Rd3 Re1 64. Rf3 Nd6
65. Kd2 Rh1 66. Rc3+ Kd7 67. Rd3 Ke6 68. Re3+ Kd5 69. Rd3+ Kc5 70. Rf3 Nb5 71.
Rg3 Kc4 72. Rg4+ Nd4 73. Rg8 Rh2+ 74. Kd1 Nxc2 75. Rc8+ Kd3 76. Kc1 Nd4 77. Rd8
Rc2+ 78. Kd1 Rc3 79. Rd7 Ra3 80. Ke1 Ra2 81. Rd8 Ke3 82. Re8+ Kf4 83. Kd1 Nf5
84. Rf8 Ke4 85. Re8+ Kd3 86. Rd8+ Nd4 1/2-1/2

[Event "NB II. Asztalos csoport"]
[Site "Pecs"]
[Date "2023.10.29"]
[Round "2.5"]
[White "Tompos, Antal"]
[Black "Nogradi, Gabor"]
[Result "1/2-1/2"]
[WhiteElo "2153"]
[BlackElo "1806"]
[PlyCount "88"]
[EventDate "2023.10.08"]
[EventType "team-tourn"]
[EventRounds "9"]
[EventCountry "HUN"]
[Source "chess.hu"]
[WhiteTeam "Szentlorinc"]
[BlackTeam "Karmin PSSE"]
[WhiteTeamCountry "HUN"]
[BlackTeamCountry "HUN"]

1. d4 c5 2. Nf3 Nf6 3. g3 cxd4 4. Nxd4 d5 5. Bg2 Nc6 6. O-O e5 7. Nxc6 bxc6 8.
c4 Bb7 9. Qc2 Be7 10. Rd1 O-O 11. Nc3 Qa5 12. Bd2 Qc5 13. Na4 Qxc4 14. Qxc4
dxc4 15. Ba5 Rac8 16. Rac1 Ba6 17. e3 e4 18. Bf1 Bb5 19. Nc3 Bd8 20. Bb4 Re8
21. a4 a5 22. Bc5 Ba6 23. Nb1 Be7 24. Bxc4 Bxc4 25. Rxc4 Kf8 26. Nc3 Rb8 27.
Rd2 Bxc5 28. Rxc5 Rb6 29. Rxa5 Reb8 30. Nd1 Nd5 31. Rc5 Ke7 32. a5 Ra6 33. Nc3
Nxc3 34. Rxc3 Rb5 35. Rc4 Raxa5 36. Rxe4+ Re5 37. Red4 Rab5 38. e4 Rb7 39. Rc2
Reb5 40. Rdd2 R7b6 41. Kf1 Rb4 42. f3 Rb3 43. Ke2 g5 44. h4 g4 1/2-1/2

[Event "NB II. Asztalos csoport"]
[Site "Pecs"]
[Date "2023.10.29"]
[Round "2.6"]
[White "Mitric, Milutin"]
[Black "Kohalmi, Endre Jr"]
[Result "0-1"]
[WhiteElo "1755"]
[BlackElo "2004"]
[PlyCount "82"]
[EventDate "2023.10.08"]
[EventType "team-tourn"]
[EventRounds "9"]
[EventCountry "HUN"]
[Source "chess.hu"]
[WhiteTeam "Karmin PSSE"]
[BlackTeam "Szentlorinc"]
[WhiteTeamCountry "HUN"]
[BlackTeamCountry "HUN"]

1. d4 Nf6 2. Nf3 g6 3. Nc3 Bg7 4. e4 d6 5. Bg5 c6 6. Qd2 b5 7. a3 h6 8. Bh4 g5
9. Bg3 Nh5 10. Be2 Nxg3 11. hxg3 Nd7 12. Nd1 Qb6 13. c3 Nf6 14. Bd3 Ng4 15. Ne3
Nxe3 16. Qxe3 Bd7 17. O-O e5 18. a4 a6 19. axb5 cxb5 20. Rad1 g4 21. Nh4 exd4
22. cxd4 Qxd4 23. Qe2 Qxb2 24. Rd2 Qe5 25. Bb1 O-O-O 26. Rc1+ Kb7 27. Ba2 Rc8
28. Bd5+ Kb8 29. Rxc8+ Rxc8 30. Ra2 Rc1+ 31. Kh2 Bc8 32. Qe3 Rc5 33. Qd2 Qc3
34. Qf4 Be5 35. Qxf7 Qe1 36. Rxa6 Bxa6 37. Nf5 Rc1 38. Qe8+ Kc7 39. Qe7+ Kb6
40. Qd8+ Kc5 41. Qc7+ Kb4 0-1

[Event "NB II. Asztalos csoport"]
[Site "Pecs"]
[Date "2023.10.29"]
[Round "2.7"]
[White "Hovorka, Tamas"]
[Black "Feher, Laszlo"]
[Result "1-0"]
[WhiteElo "2053"]
[BlackElo "1693"]
[PlyCount "88"]
[EventDate "2023.10.08"]
[EventType "team-tourn"]
[EventRounds "9"]
[EventCountry "HUN"]
[Source "chess.hu"]
[WhiteTeam "Szentlorinc"]
[BlackTeam "Karmin PSSE"]
[WhiteTeamCountry "HUN"]
[BlackTeamCountry "HUN"]

1. d4 c6 2. Nf3 d5 3. c3 Nf6 4. Bg5 Nbd7 5. e3 e6 6. Bd3 Be7 7. Nbd2 h6 8. Bh4
Qc7 9. O-O O-O 10. Qe2 Re8 11. e4 e5 12. Rac1 exd4 13. cxd4 Nb6 14. Bg3 Qd8 15.
e5 Nh5 16. Nh4 Nxg3 17. fxg3 Bxh4 18. gxh4 Qxh4 19. Qe3 Be6 20. Rf4 Qe7 21.
Rcf1 Nd7 22. Bc2 c5 23. Qd3 Nf8 24. Qg3 Qg5 25. Qf2 cxd4 26. Qxd4 Bh3 27. Qf2
Be6 28. Bf5 Ng6 29. Bxg6 fxg6 30. Qd4 b6 31. Nf3 Qe7 32. Qd3 g5 33. Rd4 Rac8
34. h3 Rc4 35. b3 Rc7 36. Kh1 Rec8 37. Rd1 Qd7 38. Qe2 Qf7 39. Nh2 h5 40. Nf3
Qg6 41. Qe3 Rc3 42. Qxg5 Kh7 43. Rh4 Bf7 44. Rf4 Kg8 1-0

[Event "NB II. Asztalos csoport"]
[Site "Pecs"]
[Date "2023.10.29"]
[Round "2.8"]
[White "Nagy, Peter"]
[Black "Horvath, Gergely"]
[Result "1-0"]
[WhiteElo "1716"]
[BlackElo "1884"]
[PlyCount "85"]
[EventDate "2023.10.08"]
[EventType "team-tourn"]
[EventRounds "9"]
[EventCountry "HUN"]
[Source "chess.hu"]
[WhiteTeam "Karmin PSSE"]
[BlackTeam "Szentlorinc"]
[WhiteTeamCountry "HUN"]
[BlackTeamCountry "HUN"]

1. d4 d5 2. Nf3 c5 3. e3 Nf6 4. b3 Bg4 5. Be2 Nc6 6. Bb2 e6 7. O-O Rc8 8. dxc5
Bxc5 9. Ne5 Bf5 10. Bb5 O-O 11. Nxc6 bxc6 12. Bd3 Bg4 13. Be2 Bf5 14. Bd3 Bg6
15. Bxg6 hxg6 16. Nd2 Qe7 17. c4 Rfd8 18. Qc2 e5 19. Nf3 e4 20. Nd4 Ng4 21. Qe2
Ne5 22. Rab1 Qg5 23. Kh1 Bd6 24. f4 exf3 25. Nxf3 Qh5 26. h3 Re8 27. Bxe5 Rxe5
28. Qd3 Re6 29. cxd5 cxd5 30. Rbd1 Rc5 31. b4 Rc4 32. a3 a5 33. bxa5 Ra4 34.
Qb5 Rxa3 35. Rxd5 Qh6 36. Rxd6 Rxd6 37. Qb8+ Kh7 38. Qxd6 Qxe3 39. Qb4 f6 40.
Re1 Qd3 41. Qh4+ Kg8 42. Re8+ Kf7 43. Ne5+ 1-0

[Event "NB II. Asztalos csoport"]
[Site "Pecs"]
[Date "2023.10.29"]
[Round "2.9"]
[White "Jerant, Gyorgy"]
[Black "Pinter, Szabolcs Peter"]
[Result "1/2-1/2"]
[WhiteElo "1929"]
[BlackElo "1608"]
[PlyCount "40"]
[EventDate "2023.10.08"]
[EventType "team-tourn"]
[EventRounds "9"]
[EventCountry "HUN"]
[Source "chess.hu"]
[WhiteTeam "Szentlorinc"]
[BlackTeam "Karmin PSSE"]
[WhiteTeamCountry "HUN"]
[BlackTeamCountry "HUN"]

1. e4 d6 2. d4 Nf6 3. Bd3 e5 4. d5 Be7 5. Nc3 O-O 6. Nge2 Nbd7 7. f3 Nc5 8. Bc4
a6 9. a4 Bd7 10. a5 Be8 11. Ng3 c6 12. b4 cxd5 13. Nxd5 Nxd5 14. Bxd5 Nd7 15.
Bxb7 Ra7 16. Bd5 Nf6 17. Bb3 d5 18. O-O Bb5 19. Rf2 Bxb4 20. Be3 d4 1/2-1/2

[Event "NB II. Asztalos csoport"]
[Site "Pecs"]
[Date "2023.10.29"]
[Round "2.10"]
[White "Roszjar, Szabolcs"]
[Black "Csoszi, Csenge"]
[Result "1/2-1/2"]
[WhiteElo "1542"]
[BlackElo "1704"]
[PlyCount "23"]
[EventDate "2023.10.08"]
[EventType "team-tourn"]
[EventRounds "9"]
[EventCountry "HUN"]
[Source "chess.hu"]
[WhiteTeam "Karmin PSSE"]
[BlackTeam "Szentlorinc"]
[WhiteTeamCountry "HUN"]
[BlackTeamCountry "HUN"]

1. Nf3 Nf6 2. d3 g6 3. g3 Bg7 4. Bg2 d5 5. O-O O-O 6. c3 c5 7. Qc2 Nc6 8. Nbd2
b5 9. e4 e6 10. exd5 exd5 11. Nb3 c4 12. Nbd4 1/2-1/2

[Event "NB II. Asztalos csoport"]
[Site "Pecs"]
[Date "2023.10.29"]
[Round "2.11"]
[White "Fabian, Zsombor"]
[Black "Lang, Bence"]
[Result "1/2-1/2"]
[WhiteElo "1556"]
[BlackElo "1427"]
[PlyCount "46"]
[EventDate "2023.10.08"]
[EventType "team-tourn"]
[EventRounds "9"]
[EventCountry "HUN"]
[Source "chess.hu"]
[WhiteTeam "Szentlorinc"]
[BlackTeam "Karmin PSSE"]
[WhiteTeamCountry "HUN"]
[BlackTeamCountry "HUN"]

1. e4 c5 2. Nf3 e6 3. d4 cxd4 4. Nxd4 Nc6 5. Nc3 a6 6. Bc4 Qc7 7. Bb3 Nf6 8.
O-O Be7 9. Re1 O-O 10. Bg5 d6 11. h3 Rd8 12. Qd2 Ne5 13. Rad1 Nc4 14. Bxc4 Qxc4
15. Nf3 Qc7 16. Re3 Bd7 17. e5 dxe5 18. Nxe5 Bb5 19. Nd3 Bxd3 20. Rxd3 Rxd3 21.
cxd3 Rd8 22. Rc1 Qd7 23. Rd1 Nd5 1/2-1/2

[Event "NB II. Asztalos csoport"]
[Site "Nagyatad"]
[Date "2023.10.29"]
[Round "2.1"]
[White "Halasz, Attila"]
[Black "Matko, Ognjen"]
[Result "1/2-1/2"]
[WhiteElo "2081"]
[BlackElo "2257"]
[PlyCount "115"]
[EventDate "2023.10.08"]
[EventType "team-tourn"]
[EventRounds "9"]
[EventCountry "HUN"]
[Source "chess.hu"]
[WhiteTeam "Kalocsai SK"]
[BlackTeam "Sakk Egylet Nagyatad"]
[WhiteTeamCountry "HUN"]
[BlackTeamCountry "HUN"]

1. d4 d5 2. Nf3 Nf6 3. Bf4 c5 4. e3 Nc6 5. c3 Qb6 6. Qb3 c4 7. Qxb6 axb6 8.
Nbd2 b5 9. a3 b4 10. cxb4 Nxb4 11. Rc1 Nc6 12. Be2 Bf5 13. h3 h6 14. g4 Bh7 15.
O-O e6 16. Bg3 Be7 17. Ne5 O-O 18. Rfd1 Rfc8 19. f3 b5 20. Nxc6 Rxc6 21. Be1 b4
22. axb4 Bxb4 23. Ra1 Rb8 24. Ra2 Rcb6 25. Bg3 Bd6 26. Bxd6 Rxd6 27. Nf1 Rdb6
28. Rd2 Bb1 29. Ra7 Rxb2 30. Rc7 R2b7 31. Rc6 Ne8 32. Kf2 Rc7 33. Rxc7 Nxc7 34.
Ke1 Kf8 35. Rd1 Ba2 36. Rc1 Rb2 37. Nd2 Nb5 38. Bd1 c3 39. Nf1 Bc4 40. Ng3 Rg2
41. Ne2 Rh2 42. Nxc3 Rh1+ 43. Kd2 Rh2+ 44. Ke1 Nd6 45. Ra1 Bd3 46. Ra3 Nc4 47.
Ra8+ Ke7 48. e4 dxe4 49. fxe4 Kf6 50. Ra7 Rxh3 51. Kf2 Rh2+ 52. Kg3 Rd2 53. Bf3
g5 54. Ra2 Bc2 55. e5+ Kg7 56. Be2 Bb3 57. Rxd2 Nxd2 58. Bd3 1/2-1/2

[Event "NB II. Asztalos csoport"]
[Site "Nagyatad"]
[Date "2023.10.29"]
[Round "2.2"]
[White "Mathe, Gaspar"]
[Black "Ruppaner, Janos"]
[Result "1/2-1/2"]
[WhiteElo "2235"]
[BlackElo "2038"]
[PlyCount "75"]
[EventDate "2023.10.08"]
[EventType "team-tourn"]
[EventRounds "9"]
[EventCountry "HUN"]
[Source "chess.hu"]
[WhiteTeam "Sakk Egylet Nagyatad"]
[BlackTeam "Kalocsai SK"]
[WhiteTeamCountry "HUN"]
[BlackTeamCountry "HUN"]

1. e4 e5 2. Nf3 Nc6 3. Bb5 a6 4. Ba4 Nf6 5. O-O b5 6. Bb3 Be7 7. Re1 O-O 8. a4
Bb7 9. Nc3 b4 10. Nd5 Bc5 11. c3 bxc3 12. bxc3 h6 13. d4 exd4 14. cxd4 Ba7 15.
Ba3 Re8 16. e5 Nxd5 17. Bxd5 Na5 18. Bxb7 Nxb7 19. Qd3 Bb6 20. Rab1 d5 21. exd6
Rxe1+ 22. Rxe1 Nxd6 23. Re5 a5 24. h3 Qd7 25. Qc2 Re8 26. Bxd6 cxd6 27. Rb5 Rc8
28. Qb1 Bd8 29. Rb8 g6 30. Rxc8 Qxc8 31. g4 Kg7 32. Kg2 Qc6 33. Qb3 Qb6 34. Qd5
Qb4 35. Qa2 Bb6 36. Qa1 d5 37. Qd1 Qc4 38. Kg1 1/2-1/2

[Event "NB II. Asztalos csoport"]
[Site "Nagyatad"]
[Date "2023.10.29"]
[Round "2.3"]
[White "Molnar, Krisztian"]
[Black "Horvath, Attila"]
[Result "1/2-1/2"]
[WhiteElo "1960"]
[BlackElo "2119"]
[PlyCount "37"]
[EventDate "2023.10.08"]
[EventType "team-tourn"]
[EventRounds "9"]
[EventCountry "HUN"]
[Source "chess.hu"]
[WhiteTeam "Kalocsai SK"]
[BlackTeam "Sakk Egylet Nagyatad"]
[WhiteTeamCountry "HUN"]
[BlackTeamCountry "HUN"]

1. Nf3 d6 2. d4 Nf6 3. c4 Nbd7 4. Nc3 e5 5. e4 c6 6. Be2 Be7 7. O-O Qc7 8. Ne1
h6 9. Nc2 g5 10. Be3 Nf8 11. d5 c5 12. b4 b6 13. bxc5 bxc5 14. Rb1 Ng6 15. f3
Nh5 16. Qd2 Nhf4 17. Rb2 Qd7 18. Rfb1 Bd8 19. Ne1 1/2-1/2

[Event "NB II. Asztalos csoport"]
[Site "Nagyatad"]
[Date "2023.10.29"]
[Round "2.4"]
[White "Molnar, Aurel Jr"]
[Black "Czibulka, Zoltan Dr"]
[Result "1-0"]
[WhiteElo "2081"]
[BlackElo "1903"]
[PlyCount "41"]
[EventDate "2023.10.08"]
[EventType "team-tourn"]
[EventRounds "9"]
[EventCountry "HUN"]
[Source "chess.hu"]
[WhiteTeam "Sakk Egylet Nagyatad"]
[BlackTeam "Kalocsai SK"]
[WhiteTeamCountry "HUN"]
[BlackTeamCountry "HUN"]

1. e4 e6 2. d4 d5 3. Nc3 Bb4 4. exd5 exd5 5. Bd3 Ne7 6. Qh5 h6 7. Nf3 Bd6 8.
Nb5 c6 9. Nxd6+ Qxd6 10. Be3 g6 11. Qh4 Nf5 12. Bxf5 Bxf5 13. O-O-O Qe7 14. Bg5
Qb4 15. Rhe1+ Be6 16. Bf6 Rg8 17. Qxh6 Nd7 18. Bh4 Qd6 19. Re3 g5 20. Nxg5 Rg6
21. Qxg6 1-0

[Event "NB II. Asztalos csoport"]
[Site "Nagyatad"]
[Date "2023.10.29"]
[Round "2.5"]
[White "Lukacs, Albert"]
[Black "Molnar, Aurel"]
[Result "1-0"]
[WhiteElo "1927"]
[BlackElo "2195"]
[PlyCount "61"]
[EventDate "2023.10.08"]
[EventType "team-tourn"]
[EventRounds "9"]
[EventCountry "HUN"]
[Source "chess.hu"]
[WhiteTeam "Kalocsai SK"]
[BlackTeam "Sakk Egylet Nagyatad"]
[WhiteTeamCountry "HUN"]
[BlackTeamCountry "HUN"]

1. e3 Nf6 2. d4 e6 3. c4 d5 4. Nf3 c6 5. Bd3 Nbd7 6. O-O Bd6 7. Nbd2 O-O 8. e4
dxe4 9. Nxe4 Nxe4 10. Bxe4 h6 11. b3 e5 12. Bb2 f5 13. Bc2 e4 14. Ne5 Nxe5 15.
dxe5 Bc5 16. Bc3 Qe7 17. Qe2 Bd7 18. b4 Bb6 19. Rad1 Be8 20. c5 Bc7 21. e6 Qh4
22. g3 Qh3 23. Qc4 Bh5 24. Rd7 Bf3 25. Rxg7+ Kh8 26. Rxc7+ Kg8 27. Rg7+ Kh8 28.
Rxb7+ Kg8 29. Rg7+ Kh8 30. Rxa7+ Kg8 31. e7+ 1-0

[Event "NB II. Asztalos csoport"]
[Site "Nagyatad"]
[Date "2023.10.29"]
[Round "2.6"]
[White "Konig, Balazs"]
[Black "Matota, Kornel Dr"]
[Result "0-1"]
[WhiteElo "2106"]
[BlackElo "1896"]
[PlyCount "86"]
[EventDate "2023.10.08"]
[EventType "team-tourn"]
[EventRounds "9"]
[EventCountry "HUN"]
[Source "chess.hu"]
[WhiteTeam "Sakk Egylet Nagyatad"]
[BlackTeam "Kalocsai SK"]
[WhiteTeamCountry "HUN"]
[BlackTeamCountry "HUN"]

1. d4 Nf6 2. c4 c5 3. d5 b5 4. cxb5 a6 5. Nc3 d6 6. e4 g6 7. Nf3 Bg7 8. Be2 O-O
9. bxa6 Bxa6 10. O-O Nbd7 11. h3 Qb6 12. Re1 Rfb8 13. Rb1 Ne8 14. Bd2 Ne5 15.
Nxe5 Bxe5 16. b3 Bd4 17. Na4 Bxe2 18. Qxe2 Qa7 19. Be3 Bg7 20. Bd2 Nc7 21. Bc3
f6 22. h4 Nb5 23. h5 Nxc3 24. Nxc3 Qa5 25. Rbc1 Qb4 26. hxg6 hxg6 27. Qg4 Kf7
28. Qe6+ Kf8 29. Re3 Qd4 30. Qg4 Kf7 31. Ne2 Qd2 32. Qe6+ Kf8 33. Nf4 Qxc1+ 34.
Kh2 Bh6 35. Nxg6+ Kg7 36. Rg3 Bg5 37. f4 Rh8+ 38. Rh3 Bxf4+ 39. g3 Qd2+ 40. Kg1
Be3+ 41. Kh1 Qe1+ 42. Kg2 Qf2+ 43. Kh1 Qg1# 0-1

[Event "NB II. Asztalos csoport"]
[Site "Nagyatad"]
[Date "2023.10.29"]
[Round "2.7"]
[White "Bartuszek, Andras"]
[Black "Szijarto, Attila"]
[Result "0-1"]
[WhiteElo "1782"]
[BlackElo "1950"]
[PlyCount "84"]
[EventDate "2023.10.08"]
[EventType "team-tourn"]
[EventRounds "9"]
[EventCountry "HUN"]
[Source "chess.hu"]
[WhiteTeam "Kalocsai SK"]
[BlackTeam "Sakk Egylet Nagyatad"]
[WhiteTeamCountry "HUN"]
[BlackTeamCountry "HUN"]

1. e4 c5 2. Nf3 d6 3. d4 cxd4 4. Nxd4 Nf6 5. Nc3 e5 6. Nb3 Be6 7. Bg5 Be7 8. f4
exf4 9. Bxf4 Nc6 10. Qd3 d5 11. O-O-O dxe4 12. Nxe4 Qxd3 13. Bxd3 O-O 14. Kb1
h6 15. Nxf6+ Bxf6 16. Be4 Rad8 17. Bc7 Rxd1+ 18. Rxd1 Rc8 19. Bf4 b6 20. h3 Nb4
21. c3 Nc6 22. Nd4 Nxd4 23. cxd4 Rc4 24. Be3 Be7 25. b3 Rc3 26. Bd2 Rc8 27. Bf4
g5 28. Bg3 f5 29. Bb7 Rd8 30. Be5 Bd5 31. Bxd5+ Rxd5 32. Rc1 Bd6 33. Rc8+ Kf7
34. Rd8 Ke7 35. Ra8 Bxe5 36. Rxa7+ Kf6 37. dxe5+ Kxe5 38. Re7+ Kf4 39. Re6 Kg3
40. Rxh6 Kxg2 41. Rh5 f4 42. h4 f3 0-1

[Event "NB II. Asztalos csoport"]
[Site "Nagyatad"]
[Date "2023.10.29"]
[Round "2.12"]
[White "Gyorkos, Krisztina"]
[Black "Grafik, Martin"]
[Result "1-0"]
[WhiteElo "1412"]
[BlackElo "1363"]
[PlyCount "91"]
[EventDate "2023.10.08"]
[EventType "team-tourn"]
[EventRounds "9"]
[EventCountry "HUN"]
[Source "chess.hu"]
[WhiteTeam "Sakk Egylet Nagyatad"]
[BlackTeam "Kalocsai SK"]
[WhiteTeamCountry "HUN"]
[BlackTeamCountry "HUN"]

1. e4 e5 2. Nf3 Nc6 3. d4 exd4 4. Nxd4 Nxd4 5. Qxd4 d6 6. Bc4 Nf6 7. Nc3 Be7 8.
O-O O-O 9. Bf4 Be6 10. Rad1 Bxc4 11. Qxc4 Re8 12. e5 Nh5 13. exd6 Bxd6 14. Bxd6
cxd6 15. Qd5 Nf6 16. Qxd6 Qxd6 17. Rxd6 Rac8 18. Rfd1 a6 19. h3 h6 20. f3 Ra8
21. a4 Re7 22. Rd8+ Rxd8 23. Rxd8+ Kh7 24. Kf2 g5 25. Rd6 Kg7 26. Nd5 Nxd5 27.
Rxd5 Rc7 28. c3 Rc4 29. Rd4 Rc7 30. Ke3 f5 31. Rd6 Re7+ 32. Kd2 f4 33. c4 Rc7
34. Kc3 b5 35. axb5 axb5 36. b3 bxc4 37. bxc4 Ra7 38. c5 h5 39. c6 Kf8 40. Rd7
Ra8 41. c7 Ke8 42. Rh7 Rc8 43. Kc4 h4 44. Kd5 Rd8+ 45. cxd8=Q+ Kxd8 46. Kd6 1-0

[Event "NB II. Asztalos csoport"]
[Site "Kalocsa"]
[Date "2023.12.10"]
[Round "3.1"]
[White "Janoshalmi, Attila"]
[Black "Ruppaner, Janos"]
[Result "1-0"]
[WhiteElo "2198"]
[BlackElo "2050"]
[PlyCount "45"]
[EventDate "2023.10.08"]
[EventType "team-tourn"]
[EventRounds "9"]
[EventCountry "HUN"]
[Source "chess.hu"]
[WhiteTeam "Racalmas-Kiralysakk "]
[BlackTeam "Kalocsai SK"]
[WhiteTeamCountry "HUN"]
[BlackTeamCountry "HUN"]

1. d4 d6 2. Nf3 Bg4 3. Nbd2 Nd7 4. h3 Bh5 5. g4 Bg6 6. Bg2 c6 7. Nh4 e5 8. Nxg6
hxg6 9. c3 Be7 10. dxe5 dxe5 11. Nc4 Qb8 12. Be3 Qc7 13. b4 Rc8 14. Qb3 b6 15.
g5 f5 16. h4 Rb8 17. Rd1 e4 18. Rh3 b5 19. Nd6+ Bxd6 20. Qe6+ Ne7 21. Rxd6 Nf8
22. Qe5 Kf7 23. Rf6+ 1-0